Cartoon Rabbits - Statistics

General Stats
  • This quiz has been taken 97 times
  • The average score is 8 of 16
Answer Stats
Picture Answer % Correct
Bugs Bunny
96%
Playboy Bunny
73%
Thumper
72%
Peter Rabbit
68%
Roger Rabbit
62%
Lola Bunny
59%
Rabbit
59%
Nesquik
58%
Duracell Bunny
53%
Easter
49%
Trix Bunny
37%
Rabbid
29%
Babs Bunny
22%
Buster Bunny
20%
Skippy
9%
Jazz Jackrabbit
8%
No matching quizzes found
Score Distribution
Percent of People with Each Score
Percentile by Number Answered
Your Score History
You have not taken this quiz